000 00375nam a2200133Ia 4500
008 100328s9999 xx 000 0 und d
082 _b60135
100 _aभावे राम
245 _aतलाठी पाहिजे.
260 _bआभा.
630 _aतलाठी पाहिजे.
730 _aतलाठी पाहिजे.
942 _cBOOK
999 _c546303
_d546300